New exotic Hevea clones for planting recommendation in the traditional rubber growing areas in India (Record no. 49121)

MARC details
000 -LEADER
fixed length control field 00615nam a2200229Ia 4500
100 ## - MAIN ENTRY--AUTHOR NAME
Personal name Mydin K.K
245 #0 - TITLE STATEMENT
Title New exotic Hevea clones for planting recommendation in the traditional rubber growing areas in India
260 ## - PUBLICATION, DISTRIBUTION, ETC. (IMPRINT)
Name of publisher Rubber Science
Year of publication 2019
300 ## - PHYSICAL DESCRIPTION
Number of Pages 240-250
650 ## - SUBJECT ADDED ENTRY--TOPICAL TERM
Topical Term Disease tolerance
650 ## - SUBJECT ADDED ENTRY--TOPICAL TERM
Topical Term Exotic clones
650 ## - SUBJECT ADDED ENTRY--TOPICAL TERM
Topical Term Growth
650 ## - SUBJECT ADDED ENTRY--TOPICAL TERM
Topical Term Region specificity
650 ## - SUBJECT ADDED ENTRY--TOPICAL TERM
Topical Term Yield
700 ## - ADDED ENTRY--PERSONAL NAME
Personal name Abraham T
700 ## - ADDED ENTRY--PERSONAL NAME
Personal name Antony P.D
700 ## - ADDED ENTRY--PERSONAL NAME
Personal name Lakshmanan R
700 ## - ADDED ENTRY--PERSONAL NAME
Personal name Meenakumari T
700 ## - ADDED ENTRY--PERSONAL NAME
Personal name Narayanan C
942 ## - ADDED ENTRY ELEMENTS (KOHA)
Koha item type Bibliography STAF
Holdings
Withdrawn status Lost status Damaged status Not for loan Home library Current library Shelving location Date acquired Serial Enumeration / chronology Koha item type
      Bibliography RRII Library RRII Library Botany 09/04/2014 Volume 32, Issue 3 Bibliography STAF